000 00929cam a2200229 4500
001 WB3615-16
008 000000n2000 000 0 eng u
035 _a(Sirsi) u105327
245 _aMidlands housing market rise
260 _c2000
490 _aFinancial Times
_v 11 April 2000, 4(1)
520 _aAccording to Halifax figures the rate of house price growth is slowing down, although house prices in the West Midlands have risen faster than London prices for the first time since the housing boom began in 1998. Also discusses the new CAT standards - the new voluntary rules for mortgages designed to prevent unfair terms and hidden charges.
590 _aWB
650 _aHOUSE PRICES
650 _aWEST MIDLANDS
650 _aCAT STANDARDS
650 _aMORTGAGES
650 _aHIDDEN CHARGES
650 _aWEST MIDLANDS
690 _aPROPERTY-RESIDENTIAL PROPERTY-RESIDENTIAL PROPERTY MARKET
942 _n0
999 _c63149
_d63149